000 00356 a2200157 4500
001 176927
020 _a
040 _cMagnum
100 _aQueiros, Bartolomeu Campos
240 1 0 _aCavaleiros das sete luas
_lpor
245 1 0 _aCavaleiros das sete luas
362 0 _a1899
440 1 _aMiguilim
697 _aMAGNITO: IJ/FADAS, FANTASIA
942 _cBK
999 _c176927
_d176927